Ben Jonson volpone (Record no. 1434608)

MARC details
000 -LEADER
fixed length control field 00735nam a22002417a 4500
005 - DATE AND TIME OF LATEST TRANSACTION
control field 20250807123434.0
008 - FIXED-LENGTH DATA ELEMENTS--GENERAL INFORMATION
fixed length control field 250807b |||||||| |||| 00| 0 eng d
020 ## - INTERNATIONAL STANDARD BOOK NUMBER
International Standard Book Number 978-1-137-37980-1 (pbk)
037 ## - SOURCE OF ACQUISITION
Terms of availability TB
040 ## - CATALOGING SOURCE
Original cataloging agency AL
Transcribing agency AL
041 ## - LANGUAGE CODE
Source of code ENG
Language code of text/sound track or separate title ENG
084 ## - COLON CLASSIFICATION NUMBER
Classification number O111,2J64g Q5
Assigning agency AL
100 ## - MAIN ENTRY--PERSONAL NAME
Personal name Botvinick, Marshall
9 (RLIN) 817445
245 ## - TITLE STATEMENT
Title Ben Jonson volpone
260 ## - PUBLICATION, DISTRIBUTION, ETC.
Place of publication, distribution, etc. New York, USA:
Name of publisher, distributor, etc. Palgrave,
Date of publication, distribution, etc. 2015
300 ## - PHYSICAL DESCRIPTION
Extent ix,133p.
365 ## - TRADE PRICE
Price amount 19.99
Currency code EURO
650 ## - SUBJECT ADDED ENTRY--TOPICAL TERM
Topical term or geographic name entry element SHAKESPEARE, WILLIAM
650 ## - SUBJECT ADDED ENTRY--TOPICAL TERM
Topical term or geographic name entry element English Literature
650 ## - SUBJECT ADDED ENTRY--TOPICAL TERM
Topical term or geographic name entry element English Drama
942 ## - ADDED ENTRY ELEMENTS (KOHA)
Source of classification or shelving scheme Colon Classification (CC)
Koha item type Textbook
Classification part O111,2J64g Q5
Suppress in OPAC No
Holdings
Withdrawn status Lost status Source of classification or shelving scheme Damaged status Not for loan Home library Current library Date acquired Source of acquisition Cost, normal purchase price Inventory number Total Checkouts Full call number Barcode Date last seen Date last checked out Price effective from Koha item type
    Colon Classification (CC)     Arts Library Arts Library 2025-08-07 Efficient Book Distributors 19.99 8346 & 12/02/2018 1 O111,2J64g Q5 AL1631687 2026-03-19 2026-03-10 2025-08-07 Textbook
Copyright @ Delhi University Library System